000 00324pam a2200133a 44500
008 230405s2023 xxu||||| |||| 00| 0 eng d
041 _aENG
100 _aChatterji
245 _aCompetition Law In India
250 _a2017 Ed.
260 _aAllahabad
_bAllahabad Law Agency
_c2023
300 _a1-459 P.p.
906 _a3778
999 _c274752
_d274752